Welcome to the Holygrace Academy Library

Please use search bar below to get started

OXFORD LANGUAGE REFERENCE (Record no. 2038)

MARC details
000 -LEADER
fixed length control field 00321nam a22001337a 4500
020 ## - INTERNATIONAL STANDARD BOOK NUMBER
ISBN 978-019-567698-3
082 ## - DEWEY DECIMAL CLASSIFICATION NUMBER
Classification number 030
Item number JON/O
100 ## - MAIN ENTRY--AUTHOR NAME
Personal name LAW, JONATHAN
245 ## - TITLE STATEMENT
Title OXFORD LANGUAGE REFERENCE
260 ## - PUBLICATION, DISTRIBUTION, ETC. (IMPRINT)
Place of publication DELHI
Name of publisher OXFORD UNIVERSITY PRESS
Year of publication 2001
300 ## - PHYSICAL DESCRIPTION
Number of Pages 218
650 ## - SUBJECT ADDED ENTRY--TOPICAL TERM
Topical Term LANGUAGE REFERENCE 1
Geographic subdivision INDIA
942 ## - ADDED ENTRY ELEMENTS (KOHA)
Koha item type Books
Holdings
Withdrawn status Lost status Collection code Home library Current library Shelving location Date acquired Source of acquisition Full call number Accession Number Koha item type
    Reference Main Library Main Library SHELF 1 F -DICTIONARY,THEASAURUS 11/05/2016 purchase 030 JON/O 04267 Books